| 000 | 00925nam a2200241 a 4500 | ||
|---|---|---|---|
| 001 | 000022971 | ||
| 005 | 20200930021914.0 | ||
| 008 | 101123s1965 mx r 001 0 spa d | ||
| 040 |
_aDO-SdBNP _bspa _cBNPHU |
||
| 082 |
_a100 _bK826f |
||
| 100 | 1 |
_aKonstantinov, F. V.. _947152 |
|
| 245 | 1 | 0 |
_aFundamentos de la filosofía marxista / _cAcademia de Ciencias de la U.R.S.S. ; redacción general de F. V. Konstantinov ; [traducción directa del ruso por Adolfo Sánchez Vásquez y Wenceslao Roces]. |
| 250 | _a2a ed. | ||
| 260 |
_aMéxico : _bGrijalbo, _c1965. |
||
| 300 |
_aviii, 696 p. ; _c21 cm. |
||
| 500 | _aIncluye índice de nombres. | ||
| 504 | _aIncluye referencias bibliográficas y notas al pie de las páginas. | ||
| 650 | 4 |
_aFilosofía marxista _9846 |
|
| 700 | 1 |
_aKonstantinov, F. V., _947152 |
|
| 700 | 1 |
_aSánchez Vásquez, Adolfo, _etr. _947153 |
|
| 700 | 1 |
_aRoces, Wenceslao, _etr. _931367 |
|
| 049 | _aBNGR | ||
| 999 |
_c22468 _d22468 |
||